Computer programming in C (Record no. 79675)

MARC details
000 -LEADER
fixed length control field 00820nam a2200157 a 4500
008 - FIXED-LENGTH DATA ELEMENTS--GENERAL INFORMATION
fixed length control field 120416s2000 ||||||||||||||||| || u
020 ## - INTERNATIONAL STANDARD BOOK NUMBER
International Standard Book Number 812030859X
050 ## - LIBRARY OF CONGRESS CALL NUMBER
Classification number QA 76.C25 Raj
100 ## - MAIN ENTRY--PERSONAL NAME
Personal name Rajaraman, V
245 10 - TITLE STATEMENT
Title Computer programming in C
260 ## - PUBLICATION, DISTRIBUTION, ETC.
Place of publication, distribution, etc. New Delhi
Name of publisher, distributor, etc. Prentice-Hall of India
Date of publication, distribution, etc. 2000
350 ## -
-- 0.00
995 ## -
-- ANNEX COLLECTION (Main Library)
-- 0.00
-- 732217
-- CBU-MAIN LIBRARY (Kitwe)
-- 2
-- 30.00
-- QA 76.C25 Raj
-- 2
-- AVAILABLE
-- 029485
-- Annex Low-Usage Collection
995 ## -
-- MAIN LIBRARY OPEN ACCESS
-- 0.00
-- 732215
-- CBU-MAIN LIBRARY (Kitwe)
-- 3
-- 30.00
-- QA 76.C25 Raj
-- 3
-- AVAILABLE
-- May 18, 2006
-- 029484
-- Main Library Open Access Collection
995 ## -
-- ANNEX COLLECTION (Main Library)
-- 0.00
-- 732216
-- CBU-MAIN LIBRARY (Kitwe)
-- 1
-- 30.00
-- QA 76.C25 RAJ
-- 1
-- AVAILABLE
-- 029505
-- Annex Low-Usage Collection
999 ## -
-- 79675
-- 79675
Holdings
Withdrawn status Lost status Source of classification or shelving scheme Damaged status Not for loan Permanent Location Current Location Shelving location Date acquired Total Checkouts Full call number Barcode Date last seen Copy number Price effective from Koha item type
          CBU-MAIN LIBRARY, KITWE. CBU-MAIN LIBRARY, KITWE.   06/29/2023   QA 76.C25 Raj 029485 06/29/2023 1 06/29/2023 MONOGRAPH
          CBU-MAIN LIBRARY, KITWE. CBU-MAIN LIBRARY, KITWE.   06/29/2023   QA 76.C25 Raj 029484 06/29/2023 2 06/29/2023 MONOGRAPH
          CBU-MAIN LIBRARY, KITWE. CBU-MAIN LIBRARY, KITWE.   06/29/2023   QA 76.C25 Raj 029505 06/29/2023 3 06/29/2023 MONOGRAPH